| 000 | 00746nam a2200181 4500 | ||
|---|---|---|---|
| 008 | 240527b |||||||| |||| 00| 0 eng d | ||
| 027 | _aVol.19, No.15(C) | ||
| 082 |
_a331.62 _bHUM |
||
| 110 | _aHuman Rights Watch | ||
| 245 |
_aExported and exposed: _babuses against Sri Lankan domestic workers in Saudi Arabia, Kuwait, Lebanon, and the United Arab Emirates |
||
| 260 |
_aNew York: _bHuman Rights Watch, _c2007 |
||
| 300 | _a131 p. | ||
| 650 | _aDOMESTIC WORKERS-Middle East | ||
| 650 | _aWomen labour force-Sri Lanka | ||
| 650 | _aViolence against women | ||
| 856 | _uhttps://s3.amazonaws.com/migrants_heroku_production/datas/466/TFGLO040_Exported_and_Exposed_Abuses_Against_Sri_Lankan_Domestic_Workers_original.pdf?1353835829 | ||
| 942 | _cRP | ||
| 999 |
_c4895 _d4895 |
||